Quick Pick: Minecraft Wood Types Quiz Stats

 Plays Quiz Updated Dec 27, 2018

Support Sporcle.
Go Orange.
Score 0/6 Timer 00:30
6 Plays Today
% Correct
Birch
92.1%
Oak
90.2%
Dark Oak
89.7%
Jungle
85.5%
Acacia
85.5%
Spruce
84.2%

Today's Daily Dose

From the Vault

World Leaders in 2000

by william2

History 8m
It's one thing to lead a country. It's a complete other ballgame to lead a country during Y2K.
Remove Ads.
Support Sporcle.
Get the best of Sporcle when you Go Orange. This ad-free experience offers more features, more stats, and more fun while also helping to support Sporcle. Thank you for becoming a member.

Show Comments

Extras

Top Quizzes Today


Score Distribution

Your Account Isn't Verified!

In order to create a playlist on Sporcle, you need to verify the email address you used during registration. Go to your Sporcle Settings to finish the process.

Report this User

Report this user for behavior that violates our Community Guidelines.

Details: